Châteaux de la Loire - French Loire Castle - Statistiques

Statistiques générales
  • Ce quiz a été pris 386 fois
  • Le résultat moyen est 9 sur 21
Statistiques - réponses
Par images Réponse % Correct
Chambord
98%
Chenonceau
94%
Blois
74%
Amboise
72%
Cheverny
68%
Angers
61%
Azay le Rideau
59%
Villandry
57%
Clos lucé
55%
Chinon
47%
Saumur
40%
Ussé
39%
Loches
31%
Chaumont sur Loire
30%
Nantes
28%
Langeais
24%
Valençay
23%
Montrésor
9%
Rivau
9%
Brezé
8%
Islette
6%
Aucun quiz correspondant
Distribution des résultats
% des personnes avec chaque résultat
Percentile par nombre de réponses
Votre historique - résultats
Vous n’avez pas pris ce quiz